1904 1773 1420 1446 1979 1652 1676 1057 1063 1766 1382 1496 1362 1847 1148 1787 1210 1127 1404 1718 1341 1696 1536 1652 1827 1090 1867 1634 1843 1460 1143 1041 1806 1985 1743 1593 1071 1100 1042 1207 1170 1079 1885 1266 1193 1718 1973 1691 1929 1990 1377 1756 1872 1056 1608 1784 1561 1816 1576 1173 1808 1106 1651 1559 1472 1252 1130 1298 1863 1917 1618 1249 1563 1626 1147 1909 1691 1736 1813 1922 1844 1133 1181 1976 1786 1515 1592 1584 1831 1295 1008 1934 1219 1040 1965 1315 1135 1782 1880 BCNSPRNW ULIB Ver.6.0+V

เปลี่ยนเป็นภาษาไทย

Change to English
 แสดงรายละเอียดบรรณานุกรม
  กลับหน้าหลัก

Brief Record : Get Marc (ISO 2709) : E-mail record : QR code < ปิดหน้าต่าง
LEADER : 00000nam 2200000uu 4500
001    13399108717
003     ULIB
008    110314s2552||||th 000 0 tha d
020    9786165290005
060 04 QZ275^bพ459ม 2552
100 0  พวงทอง ไกรพิบูลย์
245 10 มะเร็งในเด็ก /^cพวงทอง ไกรพิบูลย์
260    กรุงเทพฯ :^bอมรินทร์สุขภาพ,^c2552
300    208 หน้า ;^c21 ซม.
650  7 มะเร็งเม็ดเลือดขาวในเด็ก
650  7 มะเร็ง^xการป้องกันและควบคุม
650  7 มะเร็ง^xในวัยทารกและวัยเด็ก
945    ^p165^l0^i027806
945    ^p165^l0^i026993
945    ^p165^l0^i026992
945    ^p165^l0^i026991
945    ^p165^l0^i026990
945    ^p165^l0^i027805
945    ^p165^l0^i026553
995    ทศพร
999 ^a ใช้งานได้ทุกระบบ
รายการนี้ยังไม่มีแท็ก
คุณยังไม่ได้ล็อกอิน คุณสามารถมีกิจกรรมร่วมกับเว็บไซต์ได้ แต่ต้องล็อกอินก่อน ::
  ล็อกอิน

รายการสื่อสารสนเทศ

ลำดับที่ ประเภท เลขเรียก/บาร์โค้ด สถานที่ สถานะ
- ไม่พบข้อมูล -

รายการใกล้เคียง
    ผู้แต่ง [พวงทอง ไกรพิบูลย์]

    หัวเรื่อง [มะเร็งเม็ดเลือดขาวในเด็ก]
    หัวเรื่อง [มะเร็ง การป้องกันและควบคุม]

BibComment


ยังไม่เคยถูกคอมเมนท์

คอมเมนท์ทรัพยากรรายการนี้
  คอมเมนท์: มะเร็งในเด็ก พวง..


 Copyright 2026. Bcnsprnw @Library